000 00454nam a2200169Ia 4500
003 GCL
008 140319s9999 xx 000 0 eng d
040 _aGCL /
_cGCL
082 0 4 _a320.092
_bB M
100 1 _aBROWN, ALAN W.
245 1 0 _aMODERN POLITICAL PHILOSOPHY: THEORIES OF THE JUST SOCIETY /
_cBROWN, ALAN W.
260 _a[S.N] :
_bPENGUIM PRESS ،
_c1990
300 _a215 P
650 0 4 _aPHILOSOPHY
650 0 4 _aUTILITIES
942 _2ddc
_cBK
999 _c10486
_d10486